Normal view
MARC view
- India
Entry Geographic Name
001 - CONTROL NUMBER
- control field: 4746
003 - CONTROL NUMBER IDENTIFIER
- control field: NUST
005 - DATE AND TIME OF LATEST TRANSACTION
- control field: 20170921112914.0
008 - FIXED-LENGTH DATA ELEMENTS
- fixed length control field: 170921|| aca||aabn | a|a d
040 ## - CATALOGING SOURCE
- Original cataloging agency: NUST
- Transcribing agency: NUST
151 ## - HEADING--GEOGRAPHIC NAME
- Geographic name: India
- General subdivision: Civilization
- Form subdivision: Exhibitions.
670 ## - SOURCE DATA FOUND
- Source citation: Work cat.: (NUST)0: Maharaja :, 2009.
